Jesus Christ and mission : (Registro nro. 70266)
[ vista simple ]
| 000 -LÍDER | |
|---|---|
| Campo fijo de descripción fija | 01457nab a2200241 i 4500 |
| 001 - NÚMERO DE CONTROL | |
| Campo de control | 768714001 |
| 003 - IDENTIFICADOR DEL NÚMERO DE CONTROL | |
| Campo de control | CO-MdFUSB |
| 005 - FECHA Y HORA DE LA ULTIMA TRANSACCIÓN | |
| control field | 20240618152236.0 |
| 008 - ELEMENTOS DE LONGITUD FIJA -- INFORMACIÓN GENERAL | |
| Campo fijo de descripción fija -- Información general | 240618t1990 us ||||| |||| 00| 0 eng d |
| 040 ## - FUENTE DE CATALOGACIÓN | |
| Idioma de catalogación | spa |
| Agencia que realiza la transcripción | CO-MdFUSB |
| Agencia que realiza la modificación | CO-MdFUSB |
| 041 ## - CÓDIGO DE IDIOMA | |
| Código de idioma para texto/pista de sonido o título separado | eng |
| 100 ## - ASIENTO PRINCIPAL--NOMBRE PERSONAL | |
| Nombre personal | Schreiter, Robert J., |
| Término relacionador | autor |
| 245 1# - TÍTULO | |
| Título | Jesus Christ and mission : |
| Subtitulo | the cruciality of christology |
| Mención de responsabilidad | / Robert J. Schreiter |
| 520 ## - NOTA DE RESUMEN, ETC. | |
| Nota de sumario, etc. | Hoy en día, las preguntas sobre la relación entre la salvación dada en Jesucristo y el valor salvífico de las religiones no cristianas cobran mayor importancia que nunca. El autor sugiere en este artículo que, aunque las iglesias cristianas están divididas en sus respuestas a este desafío, puede haber algunas áreas en las que puedan trabajar juntas para enfrentar este problema en el siglo XXI. Propone tres áreas para esa exploración común: qué medida de salvación podría encontrarse en las religiones no cristianas; el significado de la Trinidad para comprender las religiones no cristianas; y la importancia de predicar a Cristo íntegro. |
| 546 ## - NOTA DE IDIOMA | |
| Nota de idioma | Texto en inglés. |
| 650 #7 - ASIENTO SECUNDARIO DE MATERIA - TERMINO TEMÁTICO | |
| Término temático o nombre geográfico como elemento de entrada | Teología dogmática |
| 9 (RLIN) | 6937 |
| 650 #7 - ASIENTO SECUNDARIO DE MATERIA - TERMINO TEMÁTICO | |
| Término temático o nombre geográfico como elemento de entrada | Escatología |
| 9 (RLIN) | 213 |
| 650 #7 - ASIENTO SECUNDARIO DE MATERIA - TERMINO TEMÁTICO | |
| Término temático o nombre geográfico como elemento de entrada | Trinidad |
| 9 (RLIN) | 177 |
| 650 #7 - ASIENTO SECUNDARIO DE MATERIA - TERMINO TEMÁTICO | |
| Término temático o nombre geográfico como elemento de entrada | Cristología |
| 9 (RLIN) | 239 |
| 773 0# - ASIENTO DE ITEM FUENTE | |
| Biblionumber | 49486 |
| Itemnumber | 82781 |
| Lugar, editorial y fecha de publicación | Pasadena |
| Otro identificador del ítem | R2656 |
| Título | Missiology: |
| Número de control del registro | (CO-MdFUSB)97 |
| Parte(s) relacionada(s) / Volumen., número. (mes año), páginas | Volumen 18, (número 4, 1990) páginas: 429 - 438 |
| Enumeración y primera página | página: 429 |
| 942 ## - TIPO DE MATERIAL (KOHA) | |
| Tipo de Item KOHA | Artículos de Revista |
| 945 ## - INFORMACIÓN LOCAL DEL REGISTRO | |
| Catalogador | Catherine Arias Álvarez - Practicante SENA |
No hay ítems disponibles.
